Medidas para contrarrestar la inflación y el desempleo /
Uloženo v:
| Hlavní autor: | |
|---|---|
| Médium: | Text |
| Témata: | |
| Tagy: |
Přidat tag
Žádné tagy, Buďte první, kdo vytvoří štítek k tomuto záznamu!
|
MARC
| LEADER | 00000 a a2200000 04500 | ||
|---|---|---|---|
| 001 | 41988 | ||
| 003 | |||
| 040 | |||
| 100 | |a Torres Gaitán, Ricardo | ||
| 245 | |a Medidas para contrarrestar la inflación y el desempleo / |c Ricardo Torres Gaitán | ||
| 650 | |a INFLACION | ||
| 650 | |a DESEMPLEO | ||
| 650 | |a MEXICO | ||
| 650 | |a DEUDA EXTERNA | ||
| 773 | |g volumen21, número80 ( , 1990), páginas 307-320 | ||
| 999 | |c 33560 |d 33560 | ||
